| Tag |
First Indicator |
Second Indicator |
Subfields |
| LEADER |
00000cam a2200000 4500 |
| 001 |
in00000094887 |
| 005 |
20150927110559.0 |
| 008 |
740204s1973 enk 00001 eng |
| 010 |
|
|
|a 74150306
|
| 015 |
|
|
|a GB73-16208
|
| 020 |
|
|
|a 034016574X
|c 1.80
|
| 035 |
|
|
|a (OCoLC)00811157
|
| 035 |
|
|
|9 AAL6763AM
|
| 040 |
|
|
|a DLC
|c DLC
|d TXA
|d UtOrBLW
|
| 049 |
|
|
|a TXAS
|c [1102313]
|
| 050 |
0 |
0 |
|a PZ4.C7773
|b Cl
|a PR6053.O5469
|
| 082 |
0 |
|
|a 823/.9/14
|
| 100 |
1 |
|
|a Cooper, Edmund,
|d 1926-1982.
|
| 245 |
1 |
4 |
|a The cloud walker :
|b a novel.
|
| 264 |
|
1 |
|a London :
|b Hodder and Stoughton,
|c [1973]
|
| 264 |
|
4 |
|c [©1973]
|
| 300 |
|
|
|a 223 pages ;
|c 20 cm.
|
| 336 |
|
|
|a text
|b txt
|2 rdacontent
|
| 337 |
|
|
|a unmediated
|b n
|2 rdamedia
|
| 338 |
|
|
|a volume
|b nc
|2 rdacarrier
|
| 999 |
|
|
|a MARS
|
| 999 |
f |
f |
|s af5e816e-7b0f-352c-91c3-a3b107cc2b29
|i fffac14e-63be-331c-a6e4-1cbbe954c91b
|t 0
|
| 952 |
f |
f |
|p noncirc
|a Texas A&M University
|b College Station
|c Cushing Memorial Library & Archives
|d Cushing: Science Fiction (Does not check out)
|t 0
|e PZ4.C7773 Cl
|h Library of Congress classification
|i unmediated -- volume
|m A14800439882
|
| 998 |
f |
f |
|a PZ4.C7773 Cl
|t 0
|l Cushing: Science Fiction (Does not check out)
|